FIVE SPICIALISED THERAPIES OF AYURVEDA (Record no. 58148)
[ view plain ]
| 000 -LEADER | |
|---|---|
| fixed length control field | 00417nam a22001697a 4500 |
| 008 - FIXED-LENGTH DATA ELEMENTS--GENERAL INFORMATION | |
| fixed length control field | 240210b |||||||| |||| 00| 0 eng d |
| 020 ## - ISBN | |
| International Standard Book Number | 8170223970 |
| 040 ## - CATALOGING SOURCE | |
| Original cataloging agency | IIMT Ayurveda Medical College and Hospital(0669) |
| 082 ## - DDC NUMBER | |
| Classification number | 615.7 DAS |
| 100 ## - MAIN ENTRY--PERSONAL NAME | |
| Personal name | DASB , VAIDYA BHAGEAN |
| 245 ## - TITLE STATEMENT | |
| Title | FIVE SPICIALISED THERAPIES OF AYURVEDA |
| Sub Title | (PANCA-KARMA) |
| 250 ## - EDITION STATEMENT | |
| Edition statement | 8 TH |
| 260 ## - PUBLICATION, DISTRIBUTION, ETC. (IMPRINT) | |
| Place of publication, distribution, etc | NEW DELHI |
| Name of publisher, distributor, etc | CONCEPT |
| Date of publication, distribution, etc | 2003 |
| 300 ## - PHYSICAL DESCRIPTION | |
| Pages | 399 |
| 650 ## - Subject | |
| Subject | PANCHKARMA |
| 942 ## - ADDED ENTRY ELEMENTS (KOHA) | |
| Koha item type | Text-Book- for 7 days |
| 952 ## - LOCATION AND ITEM INFORMATION (KOHA) | |
| -- | 2024-02-10 |
| 952 ## - LOCATION AND ITEM INFORMATION (KOHA) | |
| -- | 2024-02-10 |
| Withdrawn status | Lost status | Source of classification or shelving scheme | Damaged status | Not for loan | Location (home branch) | Sublocation or collection (holding branch) | Date acquired | Source of Acquisition | Koha issues (times borrowed) | Koha full call number | Accession No. | Koha date last seen | Koha item type |
|---|---|---|---|---|---|---|---|---|---|---|---|---|---|
| IIMT Ayurveda Medical College and Hospital(0669) | IIMT Ayurveda Medical College and Hospital(0669) | 01/27/2024 | ARISTA | 615.7 DAS | 30-B-6121 | 02/10/2024 | Text-Book- for 7 days | ||||||
| IIMT Ayurveda Medical College and Hospital(0669) | IIMT Ayurveda Medical College and Hospital(0669) | 01/27/2024 | ARISTA | 615.7 DAS | 30-B-6122 | 02/10/2024 | Text-Book- for 7 days |

